00516 a2200169 450000100060000002000060000604000240001210000220003624000590005824500540011730000070017136200090017865000310018794200070021895201040022599900170032969532 a  cAnchieta - Itaigara aFollador, Solange10aCosme, o afro baianinho em "ginga à bolonhesa".lpor10aCosme, o afro baianinho em "ginga à bolonhesa". a270 a2006 4aLiteratura infanto-juvenil cBK 00104070a88.1b88.1d2023-11-21l0o028.5 FOL COSp1945/ITAr2023-11-21 20:04:07w2023-11-21yBK c69532d69532